Radio in the television age / (Record no. 185223)

000 -LEADER
fixed length control field 00832 a2200205 4500
003 - CONTROL NUMBER IDENTIFIER
control field Nust
005 - DATE AND TIME OF LATEST TRANSACTION
control field 20230330104827.0
010 ## - LIBRARY OF CONGRESS CONTROL NUMBER
LC control number 79067675
020 ## - INTERNATIONAL STANDARD BOOK NUMBER
International Standard Book Number 0879511060 :
040 ## - CATALOGING SOURCE
Transcribing agency Nust
082 00 - DEWEY DECIMAL CLASSIFICATION NUMBER
Classification number 791.430973,FOR
100 1# - MAIN ENTRY--PERSONAL NAME
Personal name Fornatale, Pete
9 (RLIN) 111567
245 10 - TITLE STATEMENT
Title Radio in the television age /
Statement of responsibility, etc. Peter Fornatale, Joshua E. Mills.
260 ## - PUBLICATION, DISTRIBUTION, ETC.
Place of publication, distribution, etc. Woodstock, N.Y. :
Name of publisher, distributor, etc. Overlook Press,
Date of publication, distribution, etc. 1980.
300 ## - PHYSICAL DESCRIPTION
Extent xxviii, 212 p. ;
Dimensions 24 cm.
505 ## - FORMATTED CONTENTS NOTE
Formatted contents note The Golden AGE Ends (Page-1), Adapting for Survival (Page-9), The Emerging teen Culture (Page-35), Formats (Page-59), Radio News (Page-93), FM (Page-117), The Seventies (Page-137), Noncommercial Radio (Page-165), Whither Radio ? (Page-187).
650 #0 - SUBJECT ADDED ENTRY--TOPICAL TERM
Topical term or geographic name entry element Radio broadcasting
Geographic subdivision United States
General subdivision History.
9 (RLIN) 111568
700 1# - ADDED ENTRY--PERSONAL NAME
Personal name Mills, Joshua E.,
Dates associated with a name 1947-
9 (RLIN) 111569
942 ## - ADDED ENTRY ELEMENTS (KOHA)
Source of classification or shelving scheme
Koha item type Book
Holdings
Withdrawn status Lost status Source of classification or shelving scheme Damaged status Not for loan Permanent Location Current Location Shelving location Date acquired Full call number Barcode Date last seen Price effective from Koha item type Public note
          Military College of Signals (MCS) Military College of Signals (MCS) General Stacks 12/12/2016 791.430973,FOR MCS6851 12/08/2016 12/12/2016 Book Almirah No.75, Shelf No.3
© 2023 Central Library, National University of Sciences and Technology. All Rights Reserved.